| 000 | 00966nam a22003257a 4500 | ||
|---|---|---|---|
| 001 | 0048526 | ||
| 003 | KOHA_MİRAKIL | ||
| 005 | 20260207003620.0 | ||
| 007 | ta | ||
| 008 | 150603b1988 us |||gr||||#0|||1|eng | | ||
| 020 | _a0894642820 | ||
| 040 |
_aTR-BiSEU _btur _cTR-BiSEU _erda |
||
| 041 | 0 | _aeng | |
| 044 | _cus | ||
| 050 |
_aPE1408 _b.G75 1988 |
||
| 100 | 1 | _aGriggs, Irwin. | |
| 245 | 1 |
_aBasic writer and reader : _bnew alternate form/ _cIrwin Griggs ; Irwin Griggs, Robert Llewellyn. |
|
| 264 | 1 |
_aFlorida : _bRobert E. Krieger _c1988 |
|
| 300 |
_a516 pages ; _c25 cm. |
||
| 336 |
_ametin _btxt _2rdacontent |
||
| 337 |
_aaracısız _bn _2rdamedia |
||
| 338 |
_acilt _bnc _2rdacarrier |
||
| 500 | _aKaynakça var. | ||
| 650 | 0 |
_aİngiliz Dili Belegat. _97792 |
|
| 650 | 0 |
_aİngiliz Dili Dilbilgisi 1950-. _97793 |
|
| 650 | 0 |
_aEnglish Language Rhetoric. _97794 |
|
| 650 | 0 |
_aEnglish Language Grammar. _97795 |
|
| 907 | _aDil | ||
| 942 |
_2lcc _cBK |
||
| 999 |
_c48366 _d48366 |
||